| 000 | 02244nam a2200265Ia 4500 | ||
|---|---|---|---|
| 999 |
_c54352 _d54352 |
||
| 001 | 21408 | ||
| 003 | GE_BSU | ||
| 005 | 20210329155214.0 | ||
| 008 | 181216s2017||||ge |||||||||||||| ||geo|| | ||
| 040 | _cGE_BSU | ||
| 041 | _ageo | ||
| 080 | _a33 თ-97 | ||
| 100 |
_aთხილაიშვილი, გულადი _910795 |
||
| 245 |
_aპროდუქციის წარმოებისა და ექსპორტის განვითარების ძირითადი მიმართულებები აჭარის ავტონომიური რესპუბლიკის აგრარულ სექტორში / _cგულადი თხილაიშვილი; სამეცნ. ხელმძღვანელი დავით ქათამაძე, რეზო ჯაბნიძე; ბათუმის შოთა რუსთაველის სახ-ფო უნ-ტი. ეკონომიკისა და ბიზნესის ფაკულტეტი ეკონომიკის დეპარტამენტი. |
||
| 264 |
_aბათუმი, _c2017. |
||
| 300 |
_a187 გვ. ; _b30 სმ. |
||
| 300 | _eბიბლ.გვ.162-187 | ||
| 653 | _aდისერტაცია | ||
| 653 | _aეკონომიკა | ||
| 653 | _aპროდუქციის წარმოებისა და და ექსპორტის განვითარების ძირითადი მიმართულებები აჭარის ავტონომიური რესპუბლიკის აგრარულ სექტორში | ||
| 700 |
_aქათამაძე დავით _eსამეცნ. ხელმძღვანელი _92027 |
||
| 700 |
_aჯაბნიძე, რეზო _eსამეცნ. ხელმძღვანელი _92484 |
||
| 710 |
_aბათუმის შოთა რუსთაველის სახ-ფო უნ-ტი _bეკონომიკისა და ბიზნესის ფაკულტეტი ეკონომიკის დეპარტამენტი _910796 |
||
| 942 |
_cBK _2udc |
||